Responses for Show #5618 - Wednesday, January 28, 2009

Contestants

[<< previous game]

Jack Feerick, a freelance writer from Churchville, New York

Linda Tomsho, a medical editor from West Mifflin, Pennsylvania

Andy Walvoord, an investment banker from Denver, Colorado (whose 1-day cash winnings total $25,200)

[next game >>]

Jeopardy! Round responses

DIPLOMACY--A GAME
THE AUDACITY OF BOB HOPE
DON'T SAY MOBY DICK
WHERE'S THE BEEF FROM?
COLORFUL RHYME TIME
AMERICAN SIGN LANGUAGE
    $200 16
Marseille

Jack
    $200 11
Eisenhower

Jack
    $200 6
Uncle Tom's Cabin

Andy
    $200 1
Japan

Linda
    $200 17
a red sled

Linda
    $200 22
a rainbow

Jack
    $1,000 24
a battleship

Andy
    $400 12
(Andy: Who is George H.W. Bush?)

Gerald Ford

AndyLinda
    $400 7
Charles Dickens

Jack
    $400 2
England

Andy
    $400 18
a blue canoe

Jack
    $400 23
a raccoon

Andy
    $600 25
World War I

Andy
    $600 13
Washington, D.C.

Triple Stumper
    $600 8
The House of the Seven Gables

Jack
    $600 3
India

Jack
    $600 19
a black snack

Linda
    $600 28
a pendulum

Linda
    $800 26
Switzerland

Andy
    $800 14
Senator McCarthy

Jack
    $800 9
Venice

Linda
    $800 4
Scotland

Jack
    $800 20
a white kite

Jack
    $800 29
graveyard (cemetery)

Jack
    $1000 27
alliances

Jack
    $1000 15
(Jack: What is a senator?)

political parties

Jack
Triple Stumper
    $1000 10
Elizabeth Barrett Browning

Linda
    $1000 5
(Andy: What is Ireland?)
(Jack: What is the United States?)
(Linda: [Before ringing in] What is Germany?)
(Alex: No, you have to ring in.)
(Linda: I thought--I thought I did.)
(Alex: Now you've rung in. What's your response?)
(Linda: What is Germany?)
(Alex: [Chuckling] No.)

the Netherlands

AndyLindaJack
Triple Stumper
    $1000 21
a brown crown

Jack
    $1000 30
(Andy: What is a right angle?)
(Linda: What is an angle?)

a perpendicular

AndyLinda
Triple Stumper

Scores at the first commercial break (after clue 15):

Andy Linda Jack
-$800 $1,400 $1,400

Scores at the end of the Jeopardy! Round:

Andy Linda Jack
$1,000 $1,800 $5,800

Double Jeopardy! Round responses

DIPLOMACY--NOT A GAME
CHARACTERS IN MOVIES
EUROPEAN HISTORY
FOLKLORE
MEDICINE THROUGH THE YEARS
"ECO" FRIENDLY
    $400 23
the State Department

Linda
    $400 11
Back to the Future

Linda
    $400 6
a steam engine

Andy
    $400 16
Casey Jones

Andy
    $400 1
acupuncture

Linda
    $400 18
economics

Jack
    $800 24
a pouch

Jack
    $800 12
Aliens

Andy
    $800 7
displaced person

Jack
    $800 17
Blackbeard or Edward Teach

Triple Stumper
    $800 2
ether

Andy
    $800 19
(Andy: What is obstetrics?)

gynecology

AndyJack
    $1200 25
parking tickets

Andy
    $1200 13
The Shawshank Redemption

Jack
    $1200 8
a veto

Andy
    $1200 28
Pecos Bill

Jack
    $1200 3
circumcision

Andy
    $1200 20
Reconstruction

Jack
    $1600 26
extradition

Linda
    $1600 14
The Usual Suspects

Jack
    $1600 9
"I came, I saw, and God conquered"

Jack
    $1600 29
the Cliffs of Dover

Jack
    $1600 4
touch

Jack
    $1600 21
decoupage

Linda
    $3,000 27
shuttle

Linda
    $2000 15
Pulp Fiction

Jack
    $2000 10
Ulrike Meinhof

Jack
    $10,000 30
thunderbirds

Jack
    $2000 5
cerebral palsy

Andy
    $2000 22
zydeco

Andy

Scores at the end of the Double Jeopardy! Round:

Andy Linda Jack
$10,200 $9,200 $32,600
(lock game)

[wagering suggestions for these scores]

Final Jeopardy! Round responses

MUSICAL INSPIRATIONS
LindaWhat is Beowulf?
$6,001
AndyWhat is Beowulf?
$8,201
JackWhat is "Paradise Lost"?
$16,000
Paradise Lost

Final scores:

Andy Linda Jack
$1,999 $3,199 $48,600
3rd place: $1,000 2nd place: $2,000 New champion: $48,600

Game dynamics:

Coryat scores:

Andy Linda Jack
$9,600 $8,200 $24,600
15 R
(including 1 DD),
4 W
13 R
(including 1 DD),
2 W
27 R
(including 1 DD),
2 W

Combined Coryat: $42,400

[game clues] [game scores] [suggest correction]

Game tape date: 2008-11-18
The J! Archive is created by fans, for fans. Scraping, republication, monetization, and malicious use prohibited; this site may use cookies and collect identifying information. See terms. The Jeopardy! game show and all elements thereof, including but not limited to copyright and trademark thereto, are the property of Jeopardy Productions, Inc. and are protected under law. This website is not affiliated with, sponsored by, or operated by Jeopardy Productions, Inc. Join the discussion at JBoard.tv.